La Sanitat i els serveis socials a Catalunya : 1980-1988 / Josep Laporte i Salas ; presentació a càrrec del ... Jordi Pujol i Soley 1980-1988 / Josep Laporte i Salas ; presentació a càrrec del ... Jordi Pujol i Soley
Descripción Física:
129 p. ; 21 cm
Otros Autores:
Pujol, Jordi, 1930-
MARC
| LEADER | 00000nam a2200000Ia 4500 | ||
|---|---|---|---|
| 001 | 7873 | ||
| 008 | 160829s1988 xx 000 0 cat d | ||
| 080 | |a S-1-77 | ||
| 100 | |a Laporte i Salas, Josep |9 36352 | ||
| 245 | |a La Sanitat i els serveis socials a Catalunya : |b 1980-1988 / Josep Laporte i Salas ; presentació a càrrec del ... Jordi Pujol i Soley | ||
| 260 | |a Barcelona : |b Generalitat de Catalunya, Departament de Sanitat i Seguretat Social, |c 1988 | ||
| 300 | |a 129 p. ; |c 21 cm | ||
| 650 | |a Salut pública |x Catalunya |x 1980/1988 |9 36353 | ||
| 650 | |a Serveis socials |x Catalunya |x 1980/1988 |9 36354 | ||
| 700 | |a Pujol, Jordi, |d 1930- |9 36355 | ||
| 710 | 1 | |a Catalunya. |b Departament de Sanitat i Seguretat Social |9 56409 | |
| 901 | |a Arxiu | ||
| 942 | |n 1 | ||
| 952 | |0 0 |1 0 |4 0 |6 S177 |7 1 |9 47296 |a Arxiu |b Arxiu |d 2016-12-01 |l 0 |o S-1-77 |p 7873 |r 2016-12-01 00:00:00 |w 2016-12-01 |y ARXIU | ||
| 999 | |c 51093 |d 51093 | ||